00509 2200169 4500001002100000008004100021020002200062035002000084082000800104084001400112100002300126245010100149260004200250300002500292650001000317990001200327INLIS000000000001430 Ind  a978-602-412-518-9 a0010-0924000027 a813 a813 HEN f aManampiring, Hanry aFilosofi Teras:bFilsafat Yunani - Romawi kuno untuk Mental Tangguh Masa kinicHenry Manampiring aJakartabKompas Media nusantarac2019 a320 hlm,c13 x 19 cm aFiksi a0750931